Family law : (Record no. 1795)

000 -LEADER
fixed length control field nam a22 a 4500
003 - CONTROL NUMBER IDENTIFIER
control field AKMAL
005 - DATE AND TIME OF LATEST TRANSACTION
control field 20170512091614.0
008 - FIXED-LENGTH DATA ELEMENTS--GENERAL INFORMATION
fixed length control field 170512s1995 xxk 00 eng d
020 ## - INTERNATIONAL STANDARD BOOK NUMBER
International Standard Book Number 1874241708 (pbk.):
Terms of availability GBP 16.45
040 ## - CATALOGING SOURCE
Original cataloging agency AKMAL
082 04 - DEWEY DECIMAL CLASSIFICATION NUMBER
Classification number 344.20615 CUR
090 20 - LOCALLY ASSIGNED LC-TYPE CALL NUMBER (OCLC); LOCAL CALL NUMBER (RLIN)
Classification number (OCLC) (R) ; Classification number, CALL (RLIN) (NR) 344.20615
Local cutter number (OCLC) ; Book number/undivided call number, CALL (RLIN) CUR
100 1# - MAIN ENTRY--PERSONAL NAME
Personal name Curzon, L. B.
Fuller form of name (Leslie Basil),
Dates associated with a name 1921-
9 (RLIN) 355
245 10 - TITLE STATEMENT
Title Family law :
Remainder of title L. B. Curzon
260 ## - PUBLICATION, DISTRIBUTION, ETC.
Place of publication, distribution, etc. London :
Name of publisher, distributor, etc. Cavendish,
Date of publication, distribution, etc. 1995
300 ## - PHYSICAL DESCRIPTION
Extent liv, 331p. ;
Dimensions 25cm
504 ## - BIBLIOGRAPHY, ETC. NOTE
Bibliography, etc. note Includes bibliographical references and index
650 ## - SUBJECT ADDED ENTRY--TOPICAL TERM
Topical term or geographic name entry element Domestic relations
Geographic subdivision England
9 (RLIN) 3712
650 ## - SUBJECT ADDED ENTRY--TOPICAL TERM
Topical term or geographic name entry element Domestic relations
Geographic subdivision Wales
9 (RLIN) 3713
650 ## - SUBJECT ADDED ENTRY--TOPICAL TERM
Topical term or geographic name entry element Lecture notes/ Cavendish Publishing Limited
9 (RLIN) 3714
942 ## - ADDED ENTRY ELEMENTS (KOHA)
Source of classification or shelving scheme
Koha item type Book
Holdings
Withdrawn status Lost status Source of classification or shelving scheme Damaged status Not for loan Collection code Home library Current library Shelving location Date acquired Inventory number Total Checkouts Full call number Barcode Date last seen Price effective from Koha item type
          NON-FICTION | FICTION AKMAL Melaka AKMAL Melaka PINJAMAN 12.05.2017 002528   344.20615 CUR 201705769 12.05.2017 12.05.2017 Book
Pusat Sumber Maklumat Dato' Haji Sarmin Md Hussin, Akademi Kastam Diraja Malaysia, Melaka
Tel: 06-2331106 | Faks: 06-2313787